Kỹ thuật đồ họa Giáo trình cho sinh viên Đại học Bách Khoa

保存先:
書誌詳細
第一著者: Lê, Tấn Hùng
フォーマット: 図書
言語:Undetermined
出版事項: Hà Nội KHKT 2000
主題:
タグ: タグ追加
タグなし, このレコードへの初めてのタグを付けませんか!
Thư viện lưu trữ: Trung tâm Học liệu Trường Đại học Cần Thơ
LEADER 00609nam a2200181Ia 4500
001 CTU_41416
008 210402s9999 xx 000 0 und d
082 |a 006.66 
082 |b H513 
100 |a Lê, Tấn Hùng 
245 0 |a Kỹ thuật đồ họa 
245 0 |b Giáo trình cho sinh viên Đại học Bách Khoa 
245 0 |c Lê Tấn Hùng, Huỳnh Quyết Thắng 
260 |a Hà Nội 
260 |b KHKT 
260 |c 2000 
650 |a computer graphics - computer programs,programming ( electronic computers ) 
980 |a Trung tâm Học liệu Trường Đại học Cần Thơ